report of the Commission of Inquiry into Post Election violence (CIPEV) (Record no. 569)
[ view plain ]
| 000 -LEADER | |
|---|---|
| fixed length control field | 00450nam a22001097a 4500 |
| 008 - FIXED-LENGTH DATA ELEMENTS--GENERAL INFORMATION | |
| fixed length control field | 230606b xxu||||| |||| 00| 0 eng d |
| 082 ## - DEWEY DECIMAL CLASSIFICATION NUMBER | |
| Classification number | 353.463 |
| Item number | WAK |
| 245 ## - TITLE STATEMENT | |
| Title | report of the Commission of Inquiry into Post Election violence (CIPEV) |
| Remainder of title | Chairman; The Hon. Mr.justice philip N.waki, J.A |
| Statement of responsibility, etc. | presented to His excellency Hon. Mwai Kibaki, C.G.H, M.p and the panel of eminent African Personalities |
| 260 ## - PUBLICATION, DISTRIBUTION, ETC. (IMPRINT) | |
| Date of publication, distribution, etc. | october 2008 |
| 300 ## - PHYSICAL DESCRIPTION | |
| Extent | 556p |
| 942 ## - ADDED ENTRY ELEMENTS (KOHA) | |
| Source of classification or shelving scheme | Dewey Decimal Classification |
| Koha item type | Books |
| Withdrawn status | Lost status | Source of classification or shelving scheme | Damaged status | Not for loan | Home library | Current library | Date acquired | Total Checkouts | Full call number | Barcode | Date last seen | Price effective from | Koha item type |
|---|---|---|---|---|---|---|---|---|---|---|---|---|---|
| Dewey Decimal Classification | Bunge Tower Library | Bunge Tower Library | 06/06/2023 | 353.463 WAK | 1000606 | 06/06/2023 | 06/06/2023 | Books | |||||
| Dewey Decimal Classification | Bunge Tower Library | Bunge Tower Library | 06/06/2023 | 353.463 WAK | 1000607 | 06/06/2023 | 06/06/2023 | Books | |||||
| Dewey Decimal Classification | Bunge Tower Library | Bunge Tower Library | 06/06/2023 | 353.463 WAK | 1000683 | 06/06/2023 | 06/06/2023 | Books |
